Cost accounting & managerial emphasis / (Record no. 129333)

MARC details
000 -LEADER
fixed length control field 00993nam a22002897a 4500
003 - CONTROL NUMBER IDENTIFIER
control field dpl
005 - DATE AND TIME OF LATEST TRANSACTION
control field 20180613144255.0
008 - FIXED-LENGTH DATA ELEMENTS--GENERAL INFORMATION
fixed length control field 180613b xxu||||| |||| 00| 0 eng d
010 ## - LIBRARY OF CONGRESS CONTROL NUMBER
LC control number A-933530
020 ## - INTERNATIONAL STANDARD BOOK NUMBER
Terms of availability 295.00
International Standard Book Number 8120312341
035 ## - SYSTEM CONTROL NUMBER
System control number A-933530, A-933549
037 ## - SOURCE OF ACQUISITION
Source of stock number/acquisition Cen Lib/Ret
040 ## - CATALOGING SOURCE
Original cataloging agency DPL
Language of cataloging EN
Transcribing agency 0
082 ## - DEWEY DECIMAL CLASSIFICATION NUMBER
Classification number 657.42
Item number HOR
100 ## - MAIN ENTRY--PERSONAL NAME
Personal name Horngren, Charles T.
9 (RLIN) 26057
245 ## - TITLE STATEMENT
Title Cost accounting & managerial emphasis /
Statement of responsibility, etc by Charles T. Horngren, George Foster [and] Srikant M. Datar
250 ## - EDITION STATEMENT
Edition statement 9th ed.
260 ## - PUBLICATION, DISTRIBUTION, ETC. (IMPRINT)
Place of publication, distribution, etc New Delhi
Name of publisher, distributor, etc Prentice Hall of India
Date of publication, distribution, etc 1999
270 ## - ADDRESS
City New Delhi
Postal code 110001
Address M-97, Connaught circus
300 ## - PHYSICAL DESCRIPTION
Extent xxvii, 1012p. ;
Dimensions 23cm(Hb)
Other physical details ill.
500 ## - GENERAL NOTE
General note Includes bibliographical references, glossary, appendix and index
650 ## - SUBJECT ADDED ENTRY--TOPICAL TERM
Topical term or geographic name as entry element Managerial accounting
9 (RLIN) 113640
650 ## - SUBJECT ADDED ENTRY--TOPICAL TERM
Topical term or geographic name as entry element Cost accounting
9 (RLIN) 113641
700 ## - ADDED ENTRY--PERSONAL NAME
Personal name Foster, George
9 (RLIN) 26060
700 ## - ADDED ENTRY--PERSONAL NAME
Personal name Datar, Srikant M.
9 (RLIN) 26061
942 ## - ADDED ENTRY ELEMENTS (KOHA)
Source of classification or shelving scheme Dewey Decimal Classification
Koha item type English Books
Classification part 657.42
Call number suffix HOR
Holdings
Withdrawn status Lost status Damaged status Not for loan Home library Current library Date acquired Source of acquisition Cost, normal purchase price Total Checkouts Full call number Barcode Date last seen Copy number Cost, replacement price Price effective from Koha item type Source of classification or shelving scheme Collection code
        Central Library Central Library 06/07/2015 Cen Lib/Ret 295.00   657.42 HOR A-933530 06/07/2015 1 295.00 06/07/2015 English Books    
        Shahdara Branch Shahdara Branch 13/06/2018 BPPD/PUB 295.00   657.42 HOR A-933549 13/06/2018   295.00 13/06/2018 English Books Dewey Decimal Classification Non-fiction

© Delhi Public Library
Hit Counter
free hit counter